| 000 | 01245nam a2200361 c 4500 | ||
|---|---|---|---|
| 999 |
_c163523 _d163523 |
||
| 003 | BLK | ||
| 005 | 20240228104952.0 | ||
| 008 | 180410b bul|||||r ||||||| ||bul|| | ||
| 010 | _aKNG00170961000 | ||
| 040 | _aBLK | ||
| 041 |
_aBUL _cBUL |
||
| 072 | 7 |
_2bullib _aК _xКраезнание |
|
| 080 |
_aБългарска литература _b821.163.2 _x-1 _z821.163.2-1 |
||
| 100 |
_aЦанев, Иван _gПоет. Литературовед. Преводач от гръцки и унгарски език. _d1941- _qИванов, Иван Цанев _9364167 |
||
| 139 |
_aЦанев, Иван _bЦ 16 |
||
| 245 | 1 | 0 |
_aСъчинения _cИван Цанев; * Иван Цанев Иванов. |
| 257 | _aBGR | ||
| 260 |
_bЩръклитиздат _c1964 |
||
| 300 |
_a183 л. _bсн. _c14 Х 20 см |
||
| 380 | _aX | ||
| 500 | _aМашинопис | ||
| 653 | _aпоезия | ||
| 659 | _aК | ||
| 700 | 1 |
_aИванов, Иван Цанев _e* _9327814 |
|
| 852 | _aЦб І 24290 | ||
| 852 | _aК 821.163.2/Ц 16 И | ||
| 856 | 4 | _qpdf | |
| 856 | 4 | _qpdf | |
| 942 |
_cKNG _n0 _s1 |
||
| 944 |
_aCR _c10.02.2015 _k30560 _lГеновева Генчева |
||
| 944 |
_aED _c13.03.2015 _kВаля_Йорданова |
||
| 999 | _d163523 | ||